| 000 | 01541cam a2200277 a 4500 | ||
|---|---|---|---|
| 001 | vtls003219475 | ||
| 003 | MY-SjTCS | ||
| 005 | 20200226114813.0 | ||
| 008 | 110629s2011 ctu b 001 0 eng | ||
| 020 | _a9780300115048 (hbk.) | ||
| 020 | _a0300115040 (hbk.) | ||
| 039 | 9 |
_a201111151748 _bwilmina _c201110271411 _dizani _y201106291338 _zmalathy |
|
| 043 | _an-us--- | ||
| 082 | 0 | 4 |
_a700.9730904 _bPEL 2011 |
| 100 | 1 |
_aPells, Richard H. _953466 |
|
| 245 | 1 | 0 |
_aModernist America : _bart, music, movies, and the globalization of American culture / _cRichard Pells. |
| 246 | 3 | 0 | _aArt, music, movies, and the globalization of American culture |
| 260 |
_aNew Haven : _bYale University Press, _cc2011. |
||
| 300 |
_axiii, 498 p. ; _c25 cm. |
||
| 504 | _aIncludes bibliographical references and index. | ||
| 505 | 0 | _aModernism in Europe and America -- Painting modernity -- The globalization of American architecture -- Modernism in the marketplace -- From The rite of spring to Appalachian spring -- All that jazz -- They're writing songs of love -- "I was just making pictures" : from Charlie Chaplin to Charlie Kane -- Night and fog : from German expressionism to film noir -- The new wave abroad -- The new wave at home -- A method they couldn't refuse -- The global popularity of American movies -- Epilogue. The modernism of American culture. | |
| 650 | 0 |
_aArts and globalization _zUnited States. |
|
| 650 | 0 |
_aArts, American _y20th century. |
|
| 650 | 0 |
_aModernism (Aesthetics) _xHistory _y20th century. |
|
| 920 | _aSABD : 167865 | ||
| 999 | _c138374 | ||